[Event "Sao Paulo CC Fox op"]
[Site "Sao Paulo"]
[Date "2016.10.08"]
[Round "3"]
[White "Martins, Anmartom Mugabe Lou"]
[Black "Do Valle Cardoso, Lucas"]
[Result "0-1"]
[WhiteElo "1942"]
[BlackElo "1651"]
[PlyCount "82"]
[EventDate "2016.10.07"]
[EventType "swiss"]
[EventRounds "6"]
[EventCountry "BRA"]
[SourceTitle "EXT 2018"]
[Source "ChessBase"]
[SourceDate "2017.10.13"]
[SourceVersion "1"]
[SourceVersionDate "2017.10.13"]
[SourceQuality "1"]

1. e4 e5 2. Nf3 Nc6 3. Bb5 a6 4. Ba4 Nf6 5. 0-0 Be7 6. Qe2 0-0 7. Rd1 b5 8. Bb3 d6 9. h3 Re8 10. c3 Na5 11. Bc2 c5 12. d4 Qc7 13. d5 Bd7 14. Nbd2 c4 15. Nf1 Nb7 16. Ne3 g6 17. Nh2 Nc5 18. Nef1 Nh5 19. Ng4 Nf4 20. Qf3 h5 21. Ngh2 Bg5 22. Ng3 a5 23. Kh1 f6 24. Ne2 Nxe2 25. Qxe2 Rf8 26. Be3 Bxe3 27. Qxe3 Kg7 28. Rg1 Rh8 29. Raf1 g5 30. Qg3 Kf7 31. h4 Rag8 32. hxg5 fxg5 33. Qe3 Qd8 34. Bd1 Nd3 35. b3 h4 36. Be2 Nf4 37. bxc4 g4 38. g3 hxg3 39. Rxg3 Qh4 40. Rg2 Nxg2 41. Qg3 Nf4 0-1

[Event "Caioba Telecom op"]
[Site "Caioba"]
[Date "2016.08.27"]
[Round "3"]
[White "Martins, Anmartom Mugabe Lou"]
[Black "Filgueiras, Nathan Felipe"]
[Result "1-0"]
[WhiteElo "2047"]
[BlackElo "1897"]
[PlyCount "121"]
[EventDate "2016.08.26"]
[EventType "swiss"]
[EventRounds "6"]
[EventCountry "BRA"]
[SourceTitle "CBM 174 Extra"]
[Source "ChessBase"]
[SourceDate "2016.10.10"]
[SourceVersion "1"]
[SourceVersionDate "2016.10.10"]
[SourceQuality "1"]

1. e4 c5 2. Nf3 Nc6 3. Bc4 d6 4. d4 cxd4 5. Nxd4 Nf6 6. Nc3 e5 7. Nf5 Bxf5 8. exf5 Qd7 9. g4 h6 10. Be3 Be7 11. Qf3 e4 12. Nxe4 Ne5 13. Nxf6+ Bxf6 14. Qe4 0-0 15. Bb3 Qc6 16. Qxc6 bxc6 17. 0-0-0 Nxg4 18. Rxd6 Nxe3 19. fxe3 Bg5 20. Rxc6 Bxe3+ 21. Kb1 Rad8 22. a3 Rd7 23. Re1 Bg5 24. Rg1 Kh7 25. Rg2 Bf6 26. Ka2 Rfd8 27. Bc4 Rb8 28. b4 a5 29. Kb3 axb4 30. axb4 Rd1 31. c3 Rb1+ 32. Kc2 R8xb4 33. cxb4 Rb2+ 34. Kd3 Rxg2 35. Bxf7 h5 36. Bxh5 Rxh2 37. Bg6+ Kh6 38. b5 Rb2 39. Kc4 Kg5 40. Rd6 Kf4 41. b6 Be5 42. Re6 Rb1 43. Kd5 Rd1+ 44. Kc6 Rb1 45. Kb7 Rb3 46. Rc6 Bd4 47. Kc7 Bxb6+ 48. Rxb6 Re3 49. Re6 Ra3 50. Re7 Kg5 51. Kd7 Kh6 52. Ke8 Ra8+ 53. Kf7 Ra6 54. Kf8 Ra8+ 55. Be8 Kg5 56. Rf7 Ra5 57. Bd7 g6 58. f6 Ra6 59. Kg7 Rd6 60. Be8 Ra6 61. Rf8 1-0

[Event "Rio de Janeiro Salamon Memorial"]
[Site "Rio de Janeiro"]
[Date "2016.06.26"]
[Round "6"]
[White "Martins, Anmartom Mugabe Lou"]
[Black "Martins, Luis Carlos Ferreir"]
[Result "1-0"]
[WhiteElo "2047"]
[BlackElo "1827"]
[PlyCount "25"]
[EventDate "2016.06.24"]
[EventType "swiss"]
[EventRounds "6"]
[EventCountry "BRA"]
[SourceTitle "CBM 173 Extra"]
[Source "ChessBase"]
[SourceDate "2016.08.29"]
[SourceVersion "1"]
[SourceVersionDate "2016.08.29"]
[SourceQuality "1"]

1. e4 c5 2. Nf3 e6 3. d4 cxd4 4. Nxd4 Nc6 5. Nc3 Nf6 6. a3 a6 7. Be3 Be7 8. f4 d6 9. Qf3 Qc7 10. 0-0-0 b5 11. e5 Bb7 12. exf6 Nxd4 13. Qf2 1-0

[Event "Rio de Janeiro Salamon Memorial"]
[Site "Rio de Janeiro"]
[Date "2016.06.24"]
[Round "2"]
[White "Martins, Anmartom Mugabe Lou"]
[Black "Marino, Felipe Gabriel"]
[Result "1-0"]
[WhiteElo "2047"]
[BlackElo "1702"]
[PlyCount "47"]
[EventDate "2016.06.24"]
[EventType "swiss"]
[EventRounds "6"]
[EventCountry "BRA"]
[SourceTitle "CBM 173 Extra"]
[Source "ChessBase"]
[SourceDate "2016.08.29"]
[SourceVersion "1"]
[SourceVersionDate "2016.08.29"]
[SourceQuality "1"]

1. e4 e5 2. Nf3 Nc6 3. Bb5 Bc5 4. 0-0 Nge7 5. Nxe5 Nxe5 6. d4 Bxd4 7. Qxd4 f6 8. f4 N7c6 9. Qd1 Nf7 10. Qh5 g6 11. Qd1 Qe7 12. Nc3 Qc5+ 13. Kh1 a6 14. Ba4 b5 15. Bb3 Na5 16. Nd5 Nxb3 17. Nxf6+ Ke7 18. Nd5+ Kf8 19. axb3 Bb7 20. Be3 Qd6 21. b4 Qe6 22. Qd4 Bxd5 23. exd5 Qe7 24. Rad1 1-0

[Event "Sao Paulo Segal Memorial 1st"]
[Site "Sao Paulo"]
[Date "2016.05.21"]
[Round "3"]
[White "Pinto, Rendrex Lopes"]
[Black "Martins, Anmartom Mugabe Lou"]
[Result "0-1"]
[WhiteElo "2201"]
[BlackElo "1998"]
[PlyCount "176"]
[EventDate "2016.05.20"]
[EventType "swiss"]
[EventRounds "6"]
[EventCountry "BRA"]
[SourceTitle "CBM 172 Extra"]
[Source "ChessBase"]
[SourceDate "2016.06.21"]
[SourceVersion "1"]
[SourceVersionDate "2016.06.21"]
[SourceQuality "1"]

1. c4 e5 2. Nc3 Nf6 3. Nf3 Nc6 4. e4 Bc5 5. Nxe5 Nxe5 6. d4 Bb4 7. dxe5 Nxe4 8. Qd4 Nxc3 9. bxc3 Be7 10. Bd3 d6 11. Bf4 0-0 12. 0-0 dxe5 13. Bxe5 Qxd4 14. cxd4 c6 15. Rab1 Rd8 16. Rfd1 Bd6 17. Bxd6 Rxd6 18. Be4 g6 19. d5 c5 20. a4 Kf8 21. Re1 Rb8 22. Rb5 b6 23. Reb1 Rd8 24. Rxc5 Bf5 25. Rc7 Bxe4 26. Re1 Re8 27. f3 Bd3 28. Rd1 Bc2 29. Rd2 Bxa4 30. Ra2 b5 31. cxb5 Bb3 32. Raxa7 Bxd5 33. Rc5 Be6 34. h4 Rb6 35. g4 Reb8 36. Kf2 Rxb5 37. Rxb5 Rxb5 38. Kg3 Rb3 39. Ra5 Rd3 40. Ra4 Bd5 41. Rf4 Ke7 42. g5 Ke6 43. Kg4 Ke5 44. Kg3 Ra3 45. Rf6 Be6 46. Rf4 Ra1 47. Re4+ Kd5 48. Kf4 Rb1 49. Ra4 Rc1 50. Ra5+ Rc5 51. Ra8 Rc8 52. Ra1 Rc4+ 53. Kg3 Kd4 54. Rd1+ Ke3 55. Re1+ Kd2 56. Re5 Rd4 57. Rb5 Rd3 58. Kf4 Bd5 59. Ke5 Bxf3 60. Kf6 Rd4 61. Kxf7 Rxh4 62. Kg7 Ke3 63. Rb3+ Kf4 64. Kf6 Be4 65. Rb4 Rg4 66. Rb5 Bf5 67. Rb4+ Kg3 68. Rb2 Ra4 69. Kg7 Kh4 70. Kh6 Rg4 71. Rh2+ Kg3 72. Ra2 Be4 73. Ra5 Kh4 74. Re5 Bf5 75. Kxh7 Kxg5 76. Kg7 Re4 77. Ra5 Kf4 78. Ra1 g5 79. Rf1+ Ke5 80. Kh6 g4 81. Kg5 Be6 82. Kh4 Kd4 83. Kg3 Ke5 84. Rf8 Re3+ 85. Kf2 Ra3 86. Kg1 Bf5 87. Rb8 Kf4 88. Rb2 Ra1+ 0-1

[Event "Sao Paulo Weekly Clube Sao Paulo 1st"]
[Site "Sao Paulo"]
[Date "2016.04.13"]
[Round "3.2"]
[White "Martins, Anmartom Mugabe Lou"]
[Black "Vargas, Goncalo Cintra"]
[Result "1-0"]
[WhiteElo "1998"]
[BlackElo "2092"]
[PlyCount "41"]
[EventDate "2016.03.30"]
[EventType "swiss"]
[EventRounds "5"]
[EventCountry "BRA"]
[SourceTitle "EXT 2022"]
[Source "ChessBase"]
[SourceDate "2021.10.06"]
[SourceVersion "1"]
[SourceVersionDate "2021.10.06"]
[SourceQuality "1"]

1. e4 g6 2. d4 Bg7 3. Nc3 a6 4. a4 d6 5. Bc4 Nf6 6. f3 c6 7. Nge2 d5 8. Bb3 dxe4 9. fxe4 Bg4 10. e5 Nd5 11. 0-0 0-0 12. Qd3 Be6 13. Ne4 Nb4 14. Qc3 Nd5 15. Qg3 Nc7 16. Ng5 Bxb3 17. Qxb3 b5 18. Rxf7 Rxf7 19. Qxf7+ Kh8 20. axb5 Nxb5 21. Qxg7+ 1-0

[Event "Sao Paulo Hebraica op 23rd"]
[Site "Sao Paulo"]
[Date "2016.01.10"]
[Round "6"]
[White "Maciel, Wilson Jr"]
[Black "Martins, Anmartom Mugabe Lou"]
[Result "1/2-1/2"]
[WhiteElo "1797"]
[BlackElo "2024"]
[PlyCount "81"]
[EventDate "2016.01.08"]
[EventType "swiss"]
[EventRounds "6"]
[EventCountry "BRA"]
[SourceTitle "CBM 170 Extra"]
[Source "ChessBase"]
[SourceDate "2016.02.25"]
[SourceVersion "1"]
[SourceVersionDate "2016.02.25"]
[SourceQuality "1"]

1. d4 d5 2. c4 dxc4 3. Nf3 Nf6 4. e3 e6 5. Bxc4 c5 6. 0-0 a6 7. a3 b5 8. Bb3 c4 9. Bc2 Bb7 10. Nc3 Be7 11. Qe2 0-0 12. Rd1 Qb6 13. h3 Rd8 14. Bd2 Nbd7 15. e4 Nf8 16. Be3 Rac8 17. Rab1 a5 18. d5 Bc5 19. Bxc5 Qxc5 20. dxe6 Nxe6 21. Rxd8+ Rxd8 22. Rd1 Rxd1+ 23. Nxd1 Nd4 24. Nxd4 Qxd4 25. e5 Ne4 26. Bxe4 Bxe4 27. Nc3 Bc6 28. e6 Qd6 29. exf7+ Kxf7 30. f3 Qd4+ 31. Kh2 b4 32. axb4 axb4 33. Na2 Ba4 34. f4 Qxf4+ 35. g3 Qd4 36. Nxb4 Bd1 37. Qg2 h6 38. Nd5 Qd3 39. Nc3 Bf3 40. Qf2 Kg8 41. Kg1 1/2-1/2

[Event "Sao Paulo Hebraica op 23rd"]
[Site "Sao Paulo"]
[Date "2016.01.10"]
[Round "5"]
[White "Martins, Anmartom Mugabe Lou"]
[Black "Mendes, Rodrigo Machado"]
[Result "0-1"]
[WhiteElo "2024"]
[BlackElo "1924"]
[PlyCount "130"]
[EventDate "2016.01.08"]
[EventType "swiss"]
[EventRounds "6"]
[EventCountry "BRA"]
[SourceTitle "CBM 170 Extra"]
[Source "ChessBase"]
[SourceDate "2016.02.25"]
[SourceVersion "1"]
[SourceVersionDate "2016.02.25"]
[SourceQuality "1"]

1. e4 e6 2. d4 d5 3. exd5 exd5 4. c4 Nf6 5. Nf3 Bb4+ 6. Bd2 Bxd2+ 7. Nbxd2 0-0 8. Be2 h6 9. 0-0 Bf5 10. Qb3 b6 11. cxd5 Nxd5 12. Bc4 Be6 13. Rfd1 Nc6 14. Qa4 Nce7 15. Ne5 a5 16. a3 Nf5 17. Ndf3 Nd6 18. Bf1 Kh8 19. Rac1 Rg8 20. Qc6 g5 21. g3 f6 22. Bg2 Qe8 23. Qxe8 Raxe8 24. Nc6 Bf7 25. Re1 Kg7 26. Bh3 Rxe1+ 27. Rxe1 Re8 28. Rxe8 Bxe8 29. Nb8 Nc4 30. b3 Nxa3 31. Kf1 Nc2 32. Ke2 Ncb4 33. Bc8 Bb5+ 34. Kd2 Kf7 35. Ne1 Ke7 36. Nc2 Kd6 37. Na3 Be8 38. Nc4+ Ke7 39. Na6 Nxa6 40. Bxa6 Bd7 41. Ne3 Nxe3 42. Kxe3 b5 43. Bb7 c6 44. d5 Kd6 45. dxc6 Bxc6 46. Bc8 Bd5 47. b4 axb4 48. Kd4 b3 49. Bf5 b4 50. f4 b2 51. Bb1 Bb3 52. fxg5 fxg5 53. h4 Bd1 54. hxg5 hxg5 55. Kc4 b3 56. Kc3 Bc2 57. Bxc2 bxc2 58. Kxb2 Ke5 59. Kxc2 Ke4 60. Kc3 Ke3 61. g4 Kf3 62. Kd3 Kxg4 63. Ke3 Kg3 64. Ke2 g4 65. Kf1 Kh2 0-1

[Event "Sao Paulo Hebraica op 23rd"]
[Site "Sao Paulo"]
[Date "2016.01.09"]
[Round "2"]
[White "Martins, Anmartom Mugabe Lou"]
[Black "Milanez, Eduardo Medeiros"]
[Result "0-1"]
[WhiteElo "2024"]
[BlackElo "1779"]
[PlyCount "148"]
[EventDate "2016.01.08"]
[EventType "swiss"]
[EventRounds "6"]
[EventCountry "BRA"]
[SourceTitle "CBM 170 Extra"]
[Source "ChessBase"]
[SourceDate "2016.02.25"]
[SourceVersion "1"]
[SourceVersionDate "2016.02.25"]
[SourceQuality "1"]

1. e4 c6 2. d4 d5 3. exd5 cxd5 4. c4 Nf6 5. Nc3 g6 6. Bg5 Ne4 7. Be3 Nxc3 8. bxc3 Bg7 9. Nf3 0-0 10. Be2 Qa5 11. Qd2 Nd7 12. 0-0 Rd8 13. Rab1 a6 14. Bf4 dxc4 15. Bxc4 b5 16. Bb3 Nc5 17. Qe3 Nxb3 18. axb3 Bf5 19. Ra1 Qb6 20. Qxe7 Rd7 21. Qe3 Rc8 22. Rac1 Be6 23. Rb1 Bf5 24. Ra1 Rdd8 25. h3 Be6 26. Rab1 Qa5 27. Rfc1 Re8 28. Qd2 Qb6 29. Be3 Bd5 30. Ne1 Qb7 31. Qa2 Re6 32. c4 Be4 33. Rb2 Qd7 34. Rd2 Bb7 35. d5 Rxe3 36. fxe3 Qe7 37. Rd3 Bh6 38. Qe2 Re8 39. Nc2 Qe4 40. Re1 bxc4 41. Rd4 Qe5 42. bxc4 a5 43. Qd3 Bc8 44. e4 Bf8 45. d6 Rd8 46. Rd5 Rxd6 47. Rxe5 Rxd3 48. Rxa5 Rd2 49. Ne3 Bb7 50. Nd5 Rc2 51. Ne3 Rb2 52. Nd5 Rc2 53. Ra7 Bc5+ 54. Kh1 Bxa7 55. Ra1 Bxd5 56. cxd5 Bd4 57. Rd1 Be3 58. Re1 Rc1 59. Rxc1 Bxc1 60. Kg1 Kf8 61. Kf2 Ke7 62. Ke2 Kd6 63. Kd3 Bf4 64. g4 g5 65. Kc4 f6 66. Kb5 Be3 67. Ka6 Kc5 68. Kb7 Bf4 69. Kc8 Kd4 70. Kd7 Kxe4 71. Ke6 Kf3 72. Kxf6 Kg3 73. d6 Kh4 74. d7 Bc7 0-1

[Event "Sao Paulo Hebraica op 23rd"]
[Site "Sao Paulo"]
[Date "2016.01.08"]
[Round "1"]
[White "Cacador, Joao Pedro Eulogio"]
[Black "Martins, Anmartom Mugabe Lou"]
[Result "0-1"]
[WhiteElo "1509"]
[BlackElo "2024"]
[PlyCount "76"]
[EventDate "2016.01.08"]
[EventType "swiss"]
[EventRounds "6"]
[EventCountry "BRA"]
[SourceTitle "CBM 170 Extra"]
[Source "ChessBase"]
[SourceDate "2016.02.25"]
[SourceVersion "1"]
[SourceVersionDate "2016.02.25"]
[SourceQuality "1"]

1. d4 Nf6 2. c4 e6 3. Nc3 d5 4. Bf4 c6 5. e3 Be7 6. Nf3 Nbd7 7. h3 0-0 8. c5 h6 9. Bd3 Re8 10. 0-0 Nf8 11. b4 a6 12. a4 N6d7 13. b5 Bxc5 14. dxc5 e5 15. Nxe5 Nxe5 16. Qc2 d4 17. Rfd1 Nxd3 18. Qxd3 Ne6 19. Be5 dxc3 20. Qxd8 Rxd8 21. Rxd8+ Nxd8 22. b6 c2 23. Rc1 Bf5 24. f3 Bd3 25. Kf2 Ne6 26. e4 Nxc5 27. Ke3 Nb3 28. Kxd3 Nxc1+ 29. Kxc2 Re8 30. Bc7 Ne2 31. Kd3 f5 32. Kxe2 fxe4 33. f4 Kf7 34. Be5 Rxe5 35. fxe5 Ke6 36. Ke3 Kxe5 37. g4 g5 38. a5 c5 0-1

[Event "Cuiaba Contaud op"]
[Site "Cuiaba"]
[Date "2014.05.02"]
[Round "3"]
[White "Boabaid, Jorge Alberto Duard"]
[Black "Martins, Anmartom Mugabe Lou"]
[Result "0-1"]
[WhiteElo "1847"]
[BlackElo "2007"]
[PlyCount "74"]
[EventDate "2014.05.01"]
[EventType "swiss"]
[EventRounds "6"]
[EventCountry "BRA"]
[SourceTitle "CBM 160 Extra"]
[Source "ChessBase"]
[SourceDate "2014.07.01"]
[SourceVersion "1"]
[SourceVersionDate "2014.07.01"]
[SourceQuality "1"]

1. e4 c5 2. Nf3 Nc6 3. d4 cxd4 4. Nxd4 Nf6 5. Nc3 d6 6. Be3 e5 7. Nb3 Be7 8. h3 Be6 9. Be2 0-0 10. 0-0 d5 11. exd5 Nxd5 12. Nxd5 Bxd5 13. c3 f5 14. f3 Rf6 15. Qc2 Qc7 16. Rad1 Bf7 17. Rd2 Rd8 18. Rfd1 f4 19. Bc5 Rxd2 20. Rxd2 Bg6 21. Qd1 Bf5 22. Kh2 b6 23. Bxe7 Qxe7 24. Bc4+ Kh8 25. Bb5 h6 26. Bd3 Bxd3 27. Rxd3 e4 28. fxe4 Ne5 29. Rd8+ Kh7 30. Qd5 f3 31. Nd4 Qxd8 32. Qxd8 f2 33. Qe7 Ng6 34. Qxa7 Nh4 35. e5 f1Q 36. Qb7 Qf4+ 37. Kg1 Qxe5 0-1

[Event "Cuiaba Contaud op"]
[Site "Cuiaba"]
[Date "2014.05.01"]
[Round "1"]
[White "Tanaka, Aline dos Santos"]
[Black "Martins, Anmartom Mugabe Lou"]
[Result "0-1"]
[WhiteElo "1760"]
[BlackElo "2007"]
[PlyCount "48"]
[EventDate "2014.05.01"]
[EventType "swiss"]
[EventRounds "6"]
[EventCountry "BRA"]
[SourceTitle "CBM 160 Extra"]
[Source "ChessBase"]
[SourceDate "2014.07.01"]
[SourceVersion "1"]
[SourceVersionDate "2014.07.01"]
[SourceQuality "1"]

1. e4 c5 2. Nf3 d6 3. d4 cxd4 4. Nxd4 Nf6 5. Nc3 a6 6. Bg5 Nc6 7. Bxf6 gxf6 8. Bc4 e6 9. 0-0 Qc7 10. Bb3 Bd7 11. Re1 0-0-0 12. Na4 Kb8 13. Bc4 Nxd4 14. Qxd4 e5 15. Qb6 Bxa4 16. Qxc7+ Kxc7 17. Bxf7 Bc6 18. c4 Bh6 19. Rad1 Rhf8 20. Bh5 f5 21. f3 Rf6 22. g3 Rg8 23. exf5 Rxf5 24. Rd3 Rxh5 0-1

[Event "Campo Grande 2nd"]
[Site "Campo Grande"]
[Date "2014.04.19"]
[Round "6.2"]
[White "Martins, Anmartom Mugabe Lou"]
[Black "Rodrigues, Ruan Rafael"]
[Result "1-0"]
[WhiteElo "1993"]
[BlackElo "2026"]
[PlyCount "45"]
[EventDate "2014.04.18"]
[EventType "tourn"]
[EventRounds "9"]
[EventCountry "BRA"]
[SourceTitle "EXT 2022"]
[Source "ChessBase"]
[SourceDate "2021.10.06"]
[SourceVersion "1"]
[SourceVersionDate "2021.10.06"]
[SourceQuality "1"]

1. e4 c6 2. d4 d5 3. exd5 cxd5 4. c4 Nf6 5. Nc3 Nc6 6. Nf3 g6 7. Bg5 dxc4 8. Bxc4 Bg7 9. h3 0-0 10. 0-0 Na5 11. Be2 b6 12. Rc1 Bb7 13. b4 Nc6 14. a3 Rc8 15. Qd2 Nb8 16. Rfd1 Nbd7 17. Qe3 Re8 18. Ne5 Nd5 19. Nxd5 Bxd5 20. Bb5 Be6 21. Nc6 Rxc6 22. Rxc6 Bd5 23. Rd6 1-0

[Event "Campo Grande 2nd"]
[Site "Campo Grande"]
[Date "2014.04.19"]
[Round "5.4"]
[White "Souza dos Santos, Matheus Garcett"]
[Black "Martins, Anmartom Mugabe Lou"]
[Result "0-1"]
[WhiteElo "1981"]
[BlackElo "1993"]
[PlyCount "75"]
[EventDate "2014.04.18"]
[EventType "tourn"]
[EventRounds "9"]
[EventCountry "BRA"]
[SourceTitle "EXT 2022"]
[Source "ChessBase"]
[SourceDate "2021.10.06"]
[SourceVersion "1"]
[SourceVersionDate "2021.10.06"]
[SourceQuality "1"]

1. d4 Nf6 2. Nf3 g6 3. Nc3 d5 4. e3 Bg7 5. Bd3 c5 6. dxc5 Nc6 7. 0-0 e5 8. Bb5 Bg4 9. Be2 a5 10. Nb5 0-0 11. h3 Be6 12. c4 dxc4 13. Qxd8 Raxd8 14. Nc7 Bc8 15. Nd2 Nd5 16. Nb5 c3 17. bxc3 f5 18. c4 Ndb4 19. a3 Na6 20. Nd6 Nxc5 21. Nxc8 Rxc8 22. Rb1 Rfd8 23. Rb5 Bf8 24. Nb3 Ne4 25. Rxb7 a4 26. Na1 Nc3 27. Rb2 Bxa3 28. Rc2 Bb4 29. Bb2 Nxe2+ 30. Rxe2 a3 31. Bc1 Rd3 32. Nc2 Bf8 33. Rd2 Rcd8 34. Rfd1 e4 35. Rxd3 Rxd3 36. Rxd3 exd3 37. Nxa3 Bxa3 38. Bxa3 0-1

[Event "Manaus zt 2.4"]
[Site "Manaus"]
[Date "2013.04.27"]
[Round "1"]
[White "Mekhitarian, Krikor Sevag"]
[Black "Martins, Anmartom Mugabe Lou"]
[Result "1-0"]
[WhiteElo "2548"]
[BlackElo "2000"]
[PlyCount "45"]
[EventDate "2013.04.27"]
[EventType "swiss"]
[EventRounds "9"]
[EventCountry "BRA"]
[SourceTitle "CBM 154 Extra"]
[Source "ChessBase"]
[SourceDate "2013.06.25"]
[SourceVersion "2"]
[SourceVersionDate "2013.06.25"]
[SourceQuality "1"]

1. e4 c5 2. Nf3 d6 3. d4 cxd4 4. Nxd4 Nf6 5. Nc3 a6 6. Be3 e5 7. Nb3 Be7 8. h3 Be6 9. Qf3 d5 10. exd5 e4 11. Qg3 Bd6 12. Qxg7 Rg8 13. Qh6 Bf5 14. g4 Bg6 15. Qh4 Nbd7 16. g5 Ne5 17. Be2 Nf3+ 18. Bxf3 exf3 19. gxf6 Bxc2 20. Kd2 Bg6 21. Rhe1 Kd7 22. Rac1 h5 23. Na4 1-0

[Event "Pindamonhangaba op"]
[Site "Pindamonhangaba"]
[Date "2011.07.17"]
[Round "4"]
[White "Proudian, Armen"]
[Black "Martins, Anmartom Mugabe Lou"]
[Result "1-0"]
[WhiteElo "2120"]
[BlackElo "2020"]
[PlyCount "61"]
[EventDate "2011.07.15"]
[EventType "swiss"]
[EventRounds "5"]
[EventCountry "BRA"]
[SourceTitle "EXT 2014"]
[Source "ChessBase"]
[SourceDate "2013.11.20"]
[SourceVersion "1"]
[SourceVersionDate "2013.11.20"]
[SourceQuality "1"]

1. e4 e5 2. Nf3 f5 3. Nc3 Nf6 4. Bc4 fxe4 5. Nxe5 d5 6. Nxd5 Be6 7. Nxf6+ Qxf6 8. Bxe6 Qxe6 9. Qh5+ g6 10. Nxg6 Qxg6 11. Qe5+ Kf7 12. Qxh8 Qxg2 13. Qxh7+ Bg7 14. Qf5+ Kg8 15. Qd5+ Kh7 16. Qh5+ Kg8 17. Qd5+ Kh8 18. Qd8+ Kh7 19. Rf1 Nc6 20. Qh4+ Kg8 21. Qg3 Qf3 22. Qxf3 exf3 23. Kd1 Ne5 24. d3 Rd8 25. Rg1 Kf7 26. Bd2 c5 27. Bc3 c4 28. Rxg7+ Kxg7 29. Bxe5+ Kg6 30. Kd2 Kf5 31. Bg3 1-0

[Event "Pindamonhangaba op"]
[Site "Pindamonhangaba"]
[Date "2011.07.15"]
[Round "2"]
[White "Supi, Luis Paulo"]
[Black "Martins, Anmartom Mugabe Lou"]
[Result "1-0"]
[WhiteElo "2168"]
[BlackElo "2020"]
[PlyCount "71"]
[EventDate "2011.07.15"]
[EventType "swiss"]
[EventRounds "5"]
[EventCountry "BRA"]
[SourceTitle "EXT 2014"]
[Source "ChessBase"]
[SourceDate "2013.11.20"]
[SourceVersion "1"]
[SourceVersionDate "2013.11.20"]
[SourceQuality "1"]

1. e4 c5 2. Nf3 d6 3. d4 cxd4 4. Nxd4 Nf6 5. Nc3 e5 6. Bb5+ Bd7 7. Bxd7+ Qxd7 8. Nde2 h6 9. 0-0 Be7 10. Ng3 g6 11. h3 Kf8 12. f4 Kg7 13. Be3 Na6 14. Qd2 Nc7 15. Rf3 Qc6 16. Raf1 b5 17. Qf2 Rhf8 18. Qd2 Rh8 19. Qf2 Rhf8 20. Kh1 b4 21. fxe5 dxe5 22. Nd5 Nfxd5 23. Rxf7+ Kg8 24. Bxh6 Bc5 25. exd5 Bxf2 26. Rxf8+ Rxf8 27. dxc6 Rf7 28. Ne4 Bd4 29. Rd1 Nb5 30. c3 bxc3 31. bxc3 Nxc3 32. Nxc3 Bxc3 33. Rd8+ Kh7 34. Rd7 Kg8 35. Rxf7 Kxf7 36. c7 1-0